El cristianismo /
Guardado en:
| Autor Principal: | |
|---|---|
| Formato: | Libro |
| Publicado: |
Uruguay :
Federación sudamericana de asociaciones cristiana de jóvenes,
1927
|
| Materias: | |
| Etiquetas: |
Agregar Etiqueta
Sin Etiquetas, Sea el primero en etiquetar este registro!
|
| LEADER | 00465nam a22001575a 4500 | ||
|---|---|---|---|
| 001 | CEM.cems006953 | ||
| 005 | 20060214000000.0 | ||
| 008 | 130507s1927##################000#0#####d | ||
| 003 | CEMS | ||
| 082 | 0 | 4 | |a 260 |
| 100 | 1 | |a Navarro Monzo, Julio | |
| 245 | 1 | 0 | |a El cristianismo / |
| 260 | |a Uruguay : |b Federación sudamericana de asociaciones cristiana de jóvenes, |c 1927 | ||
| 300 | |a 184 p. | ||
| 653 | |a Cristianismo | ||
| 859 | |a CEMS |b BIB. CEMS - 11 de abril |h 260 |i N228 |p 15239.88 |t Ej.1 | ||
